Englische Wörter für Farbe nach Bild - Marvel Edition - Statistiken

Allgemein
  • Dieses Quiz wurde 121 mal gespielt
  • Das Durchschnittsergebnis liegt bei 40 aus 50
Antwortstatistiken
Bildquiz Hint Antwort % Korrekt
Invisible Woman/Die Unsichtbare Blue
100%
Marvel Red
100%
Luke Cage Yellow
100%
Tigra Orange
97%
Punisher Black
95%
Daredevil Red
94%
Quicksilver Blue
92%
Hazmat Yellow
90%
Beyonder White
89%
Banshee Green
88%
Clash White
87%
Bombshell Pink
86%
Wonder Man Purple
84%
Sunfire Red
84%
Clea Purple
83%
Supreme-Intelligence Green
81%
Aero (Light) Blue
80%
Ms. Marvel Blue
79%
Moon Knight White
79%
Kahhori Blue
78%
Aurora Gray/Grey
78%
Absorbing Man Gray/Grey
78%
Meggan Green
78%
Martinex Blue
76%
Galacta Purple
76%
Hawkeye Purple
76%
Silver Sable White / Gray / Silver
76%
Polaris Green
75%
Mantis Green
75%
Destiny (Light) Blue
75%
Hawkeye (Kate Bishop) Purple
75%
War Machine Black
74%
Mister Fantastic Blue
74%
Dum Dum Dugan Brown
74%
Rescue Purple / Blue
74%
Madman Red
74%
Firebird Red / Yellow
74%
Emma Frost White
74%
Sersi Green
73%
Domino (Light) Blue / White
73%
Miles Morales Black
72%
Blink Pink / Purple
72%
Lady Bullseye Red
72%
Thing/Das Ding Orange
71%
Deathbird Purple
71%
Jackpot (Mary Jane Watson) Red / Gold
71%
Squirrel Girl Brown
70%
Magik Yellow
70%
Professor X Brown
69%
Fandral Green
67%
Keine übereinstimmenden Quizze gefunden
Verteilung der Resultate
Anzahl Personen mit jedem Resultat
Perzentil nach korrekt beantworteten Fragen
Ihre Resultats-Entwicklung
Sie haben dieses Quiz noch nicht gespielt